I’m A Mess - Bebe Rexha - All Lyrics - Statistics

General Stats
  • This quiz has been taken 93 times
  • The average score is 280 of 323
Answer Stats
Answer % Correct
a
100%
I
100%
me,
100%
me
100%
mess,
100%
mess
100%
loser
98%
hey
97%
I'm
97%
I’m
97%
(I'm
97%
Oh,
97%
hater,
95%
love
95%
love,
95%
don't
93%
it
93%
us
93%
for
92%
your
92%
be
90%
he
90%
He
90%
my
90%
no
90%
on
88%
user
88%
but
85%
okay
85%
'Cause
83%
‘Cause
83%
Everything's
83%
Everything’s
83%
gonna
83%
that's
83%
That’s
83%
the
83%
trust
83%
It’s
81%
alright
80%
alright,
80%
good,
80%
good
80%
obsessed,
80%
obsessed
80%
obsessed),
80%
one
80%
say
80%
what
80%
yeah,
80%
Yeah,
80%
(Yeah)
80%
baby
78%
just
78%
wanna
78%
ain't
76%
fine
76%
fine,
76%
life
76%
so
76%
around
73%
embarrassed
73%
new
73%
myself
71%
therapist
71%
anyway,
69%
been
69%
lately
68%
up
63%
sure
61%
Pretty
59%
messed
56%
here
54%
Have
41%
to
41%
Nobody
34%
unless
31%
drink
27%
paying
25%
shows
25%
failing
20%
cheers
19%
No matching quizzes found
Score Distribution
Percent of People with Each Score
Percentile by Number Answered
Your Score History
You have not taken this quiz